书目信息 |
| 题名: |
荧光分析法
|
|
| 作者: | 许金钩 , 王尊本 主编 | |
| 分册: | ||
| 出版信息: | 北京 科学出版社 2006 |
|
| 页数: | 467页 | |
| 开本: | 24cm | |
| 丛书名: | 21世纪科学版化学专著系列 | |
| 单 册: | ||
| 中图分类: | O482.31 | |
| 科图分类: | ||
| 主题词: | 荧光分析 | |
| 电子资源: | ||
| ISBN: | 978-7-03-017295-2 | |
| 000 | 01006oam2 2200313 450 | |
| 001 | 012004063912 | |
| 005 | 20080303091137.28 | |
| 009 | 012004063912 | |
| 010 | @a978-7-03-017295-2@dCNY60.00 | |
| 035 | @a(110120)012006081452 | |
| 100 | @a20060824e20072006em y0chiy0110 ea | |
| 101 | 0 | @achi |
| 102 | @aCN@b110000 | |
| 105 | @ay z 000yy | |
| 106 | @ar | |
| 200 | 1 | @a荧光分析法@Aying guang fen xi fa@f许金钩,王尊本主编 |
| 205 | @a3版 | |
| 210 | @a北京@c科学出版社@d2006@h2007重印 | |
| 215 | @a467页@d24cm | |
| 225 | 2 | @a21世纪科学版化学专著系列 |
| 300 | @a中国科学院科学出版基金资助出版 | |
| 330 | @a本书对荧光分析法作了较全面的介绍。阐述了荧光分析法的基本概念和原理、荧光与分子结构的关系、环境因素对荧光光谱和荧光强度的影响以及溶液荧光的猝灭等。 | |
| 461 | 0 | @12001 @a21世纪科学版化学专著系列 |
| 606 | 0 | @a荧光分析 |
| 690 | @aO482.31@v4 | |
| 701 | 0 | @a许金钩@Axu jin gou@4主编 |
| 701 | 0 | @a王尊本@Awang zun ben@4主编 |
| 801 | 0 | @aCN@b110120@c20080303 |
| 905 | @dO482.31@e48=3@f4 | |
| 荧光分析法/许金钩,王尊本主编.-3版.-北京:科学出版社,2006(2007重印) |
| 467页;24cm.-(21世纪科学版化学专著系列) |
| 中国科学院科学出版基金资助出版 |
| ISBN 978-7-03-017295-2:CNY60.00 |
| 本书对荧光分析法作了较全面的介绍。阐述了荧光分析法的基本概念和原理、荧光与分子结构的关系、环境因素对荧光光谱和荧光强度的影响以及溶液荧光的猝灭等。 |
| ● |
| 相关链接 |
|
|
|
|
正题名:荧光分析法
索取号:O482.31/48=3
 
预约/预借
| 序号 | 登录号 | 条形码 | 馆藏地/架位号 | 状态 | 备注 |
| 1 | 0792931 | 207929312 | 第二样本阅览室/ [索取号:O482.31/48=3] | 在馆 | |
| 2 | 0792932 | 207929321 | 第三借阅区/ [索取号:O482.31/48=3] | 在馆 | |
| 3 | 0792933 | 207929330 | 第三借阅区/ [索取号:O482.31/48=3] | 在馆 | |
| 4 | 0792934 | 207929349 | 第三借阅区/ [索取号:O482.31/48=3] | 在馆 |